000
00225 a2200097 4500
001
45269
100
_a
Perry M
245
_a
Flight test instrumentation
260
_a
London
_b
Symposium publication
_c
090
_c
28455
_d
28455
942
_a
NUST-CAE
_c
M
_c
20508
999
_c
280342
_d
280342